Statistics for 20 Random late singers

Click here to take the quiz!

General Stats

  • This quiz has been taken 15 times
  • The average score is 4 of 20

Answer Stats

HintAnswer% Correct
2. RIP 1977Elvis Presley
93%
1. RIP 2011Amy Winehouse
73%
15. RIP 2009Michael Jackson
67%
5. RIP 1991Freddie Mercurry
33%
6. RIP 2012Whitney Houston
33%
10. RIP 2018Aretha Franklin
27%
8. RIP 1959Billie Holiday
27%
3. RIP 2016George Michael
20%
13. RIP 1981Bob Marley
13%
17. RIP 2012Donna Summer
7%
18. RIP 1980Steven McQueen
7%
9. RIP 2013Chrissy Amphlet
0%
12. RIP 2020Doug Supernaw
0%
4. RIP 2008Eartha Kitt
0%
16. RIP 1967John Coltrane
0%
20. RIP 1921Luigi Mancinelli
0%
7.RIP 2018Mac Millier
0%
14. RIP 1999Prince Lincoln Thompson
0%
19. RIP 2007Sean Taylor
0%
11. RIP 2021SOPHIE
0%

Score Distribution

Percentile by Number Answered

Percent of People with Each Score

Your Score History

You have not taken this quiz